| 000 | 00584nam a2200205Ia 4500 | ||
|---|---|---|---|
| 003 | OSt | ||
| 005 | 20250612154226.0 | ||
| 008 | 210210b1988 xxu||||| |||| 00| 0 eng d | ||
| 040 | _cAL | ||
| 041 | _aKannada | ||
| 082 | _aK894.4 GOPR | ||
| 100 |
_aGOPALAKRASHNA (B S) _dಗೋಪಾಲಕೃಷ್ಣ (ಬಿ ಎಸ್) _9214665 |
||
| 245 |
_aRatnagarbha _b ರತ್ನಗರ್ಭ |
||
| 260 |
_aMadikeri _bShati Printars _c1988 |
||
| 300 | _aiv,266 | ||
| 650 |
_aJati Akkamahadevi Kumaravyasa _9214666 |
||
| 690 |
_aKannada Prose _9214667 |
||
| 906 | _a041187 | ||
| 942 |
_2ddc _cBK |
||
| 999 |
_c91029 _d91029 |
||